000 00809nam a2200253Ia 4500
003 OSt
005 20220923221331.0
006 a|||||r|||| 00| 0
007 ta
008 220922b |||||||| |||| 00| 0 hin d
024 _a197,208
037 _cTextual
040 _aARTS
_cARTS
_bhin
041 _2hin
_ahin
082 _aO152,6N377x, N3
100 _aआत्माराम
_9156277
245 0 _aजब मैं लिखता हूॅं
246 _aJab maian likhatā hūॅan
260 _aदिल्ली
_b हिमाचल पुस्तक भण्डार
_c1993
300 _a112पृ.
_ccm.
650 _aहिन्दी साहित्य
_9156264
942 _hO152,6N377x, N3
_cTEXL
_2CC
999 _c349079
_d349079